|
|
|
|
| LEADER |
00000cam a22000004a 4500 |
| 001 |
musev2_84396 |
| 003 |
MdBmJHUP |
| 005 |
20230905052700.0 |
| 006 |
m o d |
| 007 |
cr||||||||nn|n |
| 008 |
101115s2009 azu o 00 0 eng d |
| 020 |
|
|
|a 9780816546145
|
| 020 |
|
|
|z 9780816527267
|
| 035 |
|
|
|a (OCoLC)1273306146
|
| 040 |
|
|
|a MdBmJHUP
|c MdBmJHUP
|
| 100 |
1 |
|
|a Royce, Sarah,
|d 1819-1891.
|
| 245 |
1 |
0 |
|a Across the Plains :
|b Sarah Royce's Western Narrative /
|c Sarah Royce ; edited by Jennifer Dawes Adkison.
|
| 264 |
|
1 |
|a Tucson :
|b University of Arizona Press,
|c 2009.
|
| 264 |
|
3 |
|a Baltimore, Md. :
|b Project MUSE,
|c 2021
|
| 264 |
|
4 |
|c ©2009.
|
| 300 |
|
|
|a 1 online resource (147 pages):
|b illustrations, map.
|
| 336 |
|
|
|a text
|b txt
|2 rdacontent
|
| 337 |
|
|
|a computer
|b c
|2 rdamedia
|
| 338 |
|
|
|a online resource
|b cr
|2 rdacarrier
|
| 490 |
0 |
|
|a Women's western voices
|
| 588 |
|
|
|a Description based on print version record.
|
| 600 |
1 |
7 |
|a Royce, Sarah,
|d 1819-1891.
|2 fast
|0 (OCoLC)fst00355593
|
| 600 |
1 |
0 |
|a Royce, Sarah,
|d 1819-1891.
|
| 650 |
|
7 |
|a HISTORY / General
|2 bisacsh
|
| 650 |
|
7 |
|a Women pioneers.
|2 fast
|0 (OCoLC)fst01178307
|
| 650 |
|
7 |
|a Overland journeys to the Pacific.
|2 fast
|0 (OCoLC)fst01049347
|
| 650 |
|
7 |
|a Gold mines and mining.
|2 fast
|0 (OCoLC)fst00944469
|
| 650 |
|
7 |
|a Frontier and pioneer life.
|2 fast
|0 (OCoLC)fst00935370
|
| 650 |
|
0 |
|a Women pioneers
|z California
|v Biography.
|
| 650 |
|
0 |
|a Frontier and pioneer life
|z California.
|
| 650 |
|
0 |
|a Overland journeys to the Pacific.
|
| 651 |
|
7 |
|a California.
|2 fast
|0 (OCoLC)fst01204928
|
| 651 |
|
0 |
|a California
|x Gold discoveries.
|
| 655 |
|
7 |
|a Biographies.
|2 fast
|0 (OCoLC)fst01919896
|
| 655 |
|
7 |
|a Electronic books.
|2 local
|
| 700 |
1 |
|
|a Adkison, Jennifer Dawes,
|d 1966-
|
| 710 |
2 |
|
|a Project Muse.
|e distributor
|
| 830 |
|
0 |
|a Book collections on Project MUSE.
|
| 856 |
4 |
0 |
|z Texto completo
|u https://projectmuse.uam.elogim.com/book/84396/
|
| 945 |
|
|
|a Project MUSE - Custom Collection
|